| 000 | 01396cab a22002535a 4500 | ||
|---|---|---|---|
| 001 | L159133 | ||
| 002 | 20147 | ||
| 008 | 100430e2015 xxk 001 0 eng d | ||
| 020 | _a9781482243581 | ||
| 035 | _a(Sirsi) u159133 | ||
| 041 | 0 | _aeng | |
| 050 | _a692.5095 $2 18 | ||
| 245 | 0 | 0 | _aSpon's Asia Pacific construction cost handbook |
| 250 | _a5th ed. | ||
| 260 |
_aOxon _bCRC Press _bTaylor and Francis _c2015 |
||
| 350 | _a160 | ||
| 505 | _aRegional overview: The construction industry in the Asia Pacific region -- Individual countries: Introductory notes to country sections -- Brunei Darussalam -- Cambodia -- China -- Hong Kong -- India -- Indonesia -- Japan -- Malaysia -- Myanmar -- Philippines -- Singapore -- South Korea -- Sri Lanka -- Taiwan -- Thailand -- Vietnam -- Amplified descriptions of construction items -- Comparative data: Introductory notes -- Key national indicators -- Construction output indicators -- Construction cost data | ||
| 520 | _aProvides a regional overview of the construction industry in the Asia-Pacific region as well as broad and macroeconomic data on key national indicators, construction output indicators, and general construction cost data. | ||
| 520 | _aSupersedes 4th edition (ISBN 9780415465656). | ||
| 651 | 4 | _aAsia | |
| 690 | _aBUILT ENVIRONMENT-BUILDING COSTS | ||
| 710 | 1 |
_aDavis Langdon and Seah International _91665 |
|
| 942 | _n0 | ||
| 999 |
_c115693 _d115693 |
||